000 00436nam a2200181 i 4500
001 bg
100 1 _aBAKER, Richard H.
245 0 _aAdvanced dBASE III :
_bapplications /
_cRichard H. Baker.
260 _aBlue Ridge Summit :
_bTAB,
_c1985.
630 0 9 _adBase
020 _a0830603182
040 _cBPK
041 _apol
080 _a004
920 _a0-8306-0318-2
942 _cKS
008 s pl f |000 0 pol
999 _c23371
_d23371
856 _uhttp://koha.tu.koszalin.pl/cgi-bin/koha/opac-detail.pl?biblionumber=23371
_yKatalog online BPK